000 00781nam a2200205 i 4500
001 22226
003 ES-MaACL
005 20260303063011.0
007 t|
008 021129s1950 sp ||||1| spa d
100 1 _aAlfonso de Zamora,
_d1474?-1531?
_9160107
245 1 3 _aEl Manuscrito apologético /
_cde Alfonso de Zamora ; traducción y estudio del Séfer Hokmat Elohim por Federico Pérez Castro.
260 _aMadrid, etc. :
_b[s.n.,
_c1950] (
_fC. Bermejo)
300 _aCI, 478 p. ;
_c24 cm.
500 _aPrecede a tít.: Consejo Superior de Investigaciones Científicas. Instituto Arias Montaño.
700 1 _aPérez Castro, Federico.
_990723
710 2 _aInstituto "Arias Montano"
_94797
852 _aES-MaACL
_jD-7220
_bR.29575
999 _c22226
_d22226